Balma - Choix Multiples - Statistiques

Statistiques générales
  • Ce quiz a été pris 12 fois
  • Le résultat moyen est 5 sur 10
Statistiques - réponses
Question Réponse % Correct
De quelle Métropole Balma est-elle une commune de banlieue ? Toulouse
100%
Quel est le nom du centre commercial situé au nord de la commune, également porté par le terminus du métro qui s'y trouve ? Gramont
73%
Quel bâtiment classé monument historique situé sur la commune est parmi les 3 seuls restants en France ? Un hangar à dirigeables
64%
Laquelle de ces photos représente la ville de Balma ?
55%
Quelle cours d'eau marque la frontière entre Balma et Toulouse ? L'Hers
55%
Laquelle de ces commune n'est PAS frontalière de Balma ? Saint Orens de Gameville
36%
Comment se nomme la place au centre de la commune sur laquelle se trouve la nouvelle salle des fêtes ? Place de la Libération
27%
Lequel de ces quartiers ne se situe PAS sur la commune de Balma Aufréry
18%
Quel bâtiment ré-aménagé se trouvant à proximité de cette place était anciennement la mairie de Balma ? La médiathèque municipale
18%
Quelle est la population de la commune de Balma au recensement 2022, et quelle est par conséquent sa position sur le classement départemental ? 17 431 (8ème)
9%
Aucun quiz correspondant
Distribution des résultats
% des personnes avec chaque résultat
Percentile par nombre de réponses
Votre historique - résultats
Vous n’avez pas pris ce quiz